00639 2200253 4500001002100000005001500021035002000036100001500056245003000071250001400101260004700115300002300162650002000185850001200205006001800217007000300235008004100238020002200279040001700301082000800318090002100326084001400347990002400361INLIS00000000002232720190514110959 a0010-05190000230 aTere Liye,1 a# About love /cTere Liye acetakan 1 aJakarta: :bGramedia Pustaka Utama,,c2017 a100 hlm. ;c20 cm. aFiksi Indonesia aJKPNPNAa d | 000 fta190514 e 0 ind  a978-602-03-611-09 aJKPNPNAbind aFIK aCB-D.9 2015-4135 aFIK TER a a177/B/DINARPUS/2019